000 00632nmm a2200217 a 4500
003 AR-BaBNM
005 20251128205602.0
008 268019s1988 ||||||||||||||000 | spa||
020 _a950-22-0297-10
040 _cAR-BaBNM
100 1 _aAkoschky, Judith
245 1 0 _aCotidiáfonos
_binstrumentos sonoros realizados con objetos cotidianos, confección y sugerencias didácticas
260 _aBuenos Aires
_bRicordi
_c1988
300 0 _a80 p.
_bil.
650 4 _aEDUCACION MUSICAL
650 4 _aINSTRUMENTOS MUSICALES
650 4 _aACUSTICA
650 4 _aMATERIAL ELABORADO POR EL ALUMNO
942 _cBK
998 _cCARMEN
999 _c12000
_d12000